| 000 | 00929nam a2200241 a 4500 | ||
|---|---|---|---|
| 001 | 57157 | ||
| 003 | BD-RjUL | ||
| 005 | 20211209080456.0 | ||
| 008 | 161206s1965 bg ||||| |||| 00| 0 ben d | ||
| 020 | _c: TK 2.00 | ||
| 035 | _a(BD-RjUL) 57281 | ||
| 040 |
_aBD-RjUL _bben _cBD-RjUL |
||
| 041 | _aben | ||
| 082 |
_223 _a891.439308 _bNUT 1965 |
||
| 245 | 0 | 0 |
_aনূতন ঊর্দু গল্প : _bআধুনিক ঊর্দু গল্পের সংকলন / |
| 250 | _a২য় সং . | ||
| 260 |
_aঢাকা : _bপাকিস্তান পাবলিকেশন্স, _c১৯৬৫ |
||
| 300 |
_a১৯৭ পৃ. ; _c১৭ সেমি . |
||
| 650 |
_aঊর্দু গল্প _9167023 _xসংগ্রহ |
||
| 650 |
_aUrdu Story _9167024 _xcollection |
||
| 700 |
_aগভর্ণমেন্ট অফ পাকিস্তান প্রেস _9189178 |
||
| 942 |
_2ddc _cBK |
||
| 999 |
_c57157 _d57157 |
||